豪雪地帯及び特別豪雪地帯を有する都道府県 - Statistics

General Stats
  • This quiz has been taken 74 times
  • The average score is 24 of 24
Answer Stats
解答 % Correct
北海道
100%
青森県
100%
秋田県
100%
岩手県
100%
山形県
100%
宮城県
100%
福島県
100%
新潟県
100%
富山県
100%
石川県
100%
福井県
100%
岐阜県
100%
京都府
100%
鳥取県
100%
島根県
100%
栃木県
99%
群馬県
99%
山梨県
99%
滋賀県
99%
長野県
97%
兵庫県
97%
広島県
97%
静岡県
96%
岡山県
96%
No matching quizzes found
Score Distribution
Percent of People with Each Score
Percentile by Number Answered
Your Score History
You have not taken this quiz